Normal view
MARC view
Entry Topical Term
001 - CONTROL NUMBER
- control field: 10604
003 - CONTROL NUMBER IDENTIFIER
- control field: BD-DhEWU
005 - DATE AND TIME OF LATEST TRANSACTION
- control field: 20140529211549.0
008 - FIXED-LENGTH DATA ELEMENTS
- fixed length control field: 140529|| aca||aabn | a|a d
040 ## - CATALOGING SOURCE
- Original cataloging agency: BD-DhEWU
- Transcribing agency: BD-DhEWU
150 ## - HEADING--TOPICAL TERM
- Topical term or geographic name as entry element: International finance.
670 ## - SOURCE DATA FOUND
- Source citation: Work cat.: (BD-DhEWU)178: Czinkota, Michael R. 10602, International business /, c2003.